La república cooperativa / (Record no. 120564)

MARC details
000 -LEADER
campo de control de longitud fija 00456nam a2200157 4500
001 - NÚMERO DE CONTROL
campo de control 120564
003 - IDENTIFICADOR DE NÚMERO DE CONTROL
campo de control ES-MaACL
007 - CAMPO FIJO DE DESCRIPCIÓN FÍSICA--INFORMACIÓN GENERAL
campo de control de longitud fija t|
008 - DATOS DE LONGITUD FIJA--INFORMACIÓN GENERAL
campo de control de longitud fija 070214s1931 sp r ||||1| spa d
100 1# - ENTRADA PRINCIPAL--NOMBRE DE PERSONA
Nombre de persona Poisson, Ernest.
9 (RLIN) 92772
245 13 - MENCIÓN DEL TÍTULO
Título La república cooperativa /
Mención de responsabilidad, etc. Ernest Poisson ; traducción de E. Cebrián Gay.
260 ## - PUBLICACIÓN, DISTRIBUCIÓN, ETC.
Lugar de publicación, distribución, etc. Barcelona :
Nombre del editor, distribuidor, etc. Cervantes,
Fecha de publicación, distribución, etc. 1931.
300 ## - DESCRIPCIÓN FÍSICA
Extensión 310 p. ;
Dimensiones 19 cm.
700 1# - ENTRADA AGREGADA--NOMBRE PERSONAL
Nombre de persona Cebrián Gay, E.
9 (RLIN) 37300
852 ## - LOCALIZACIÓN
Ubicación ES-MaACL
Número de control de estantería B-9073
Holdings
Estatus retirado Estado de pérdida Estado de daño No para préstamo Biblioteca de origen Biblioteca actual Ubicación en estantería Fecha de adquisición Fuente de adquisición Total de préstamos Signatura topográfica completa Código de barras Visto por última vez Precio de reemplazo Tipo de ítem Koha
        Biblioteca del Ateneo de Madrid Biblioteca del Ateneo de Madrid Sala Pardo Bazán 17/01/2008     B-9073 1125668 23/02/2023 23/02/2023 Libro impreso